000 00327nam a22001337a 4500
008 181022b xxu||||| |||| 00| 0 eng d
020 _a9780132969895
041 _aeng
080 _a070
100 _a40
101 _aMED
245 _aExecutive's Portfolio of Model Speeches for all Occassions
_cBooher, D
942 _2udc
_cBK
999 _c50527
_d50527